00330cam a22001097a 4500008004000000082001200040245005600052260004600108300000900154650002700163700003000190180718b1953 xxu||||| |||| 00| 0 eng d aF4 N213 aThe citizen association: how to organize and run it aNew YorkbNational Municipal Leaguec1953 a64p. aCitizensメ associatio aNational Municipal League